Přeskočit na obsah

Коммуникативное мышление как фактор преобразования культуры

Монография представляет собой коллективный труд преподавателей кафедры профессионального обучения и социально-педагогических дисциплин Белгородского государственного аграрного университета имени В.Я. Горина, содержащий собственные исследования влияния феномена коммуникативного мышления на преобразов...

Celý popis

Uloženo v:
Podrobná bibliografie
Hlavní autor: Белозерова И. А.
Další autoři: Давитян М. Г., Крикун Е. В.
Médium: Книга
Jazyk:Russian
Vydáno: Белгород БелГАУ им.В.Я.Горина 2022
On-line přístup:https://e.lanbook.com/book/332012
https://e.lanbook.com/img/cover/book/332012.jpg
Tagy: Přidat tag
Žádné tagy, Buďte první, kdo otaguje tento záznam!
LEADER 02196nam0a2200301 i 4500
001 332012
003 RuSpLAN
005 20240216150943.0
008 240216s2022 ru gs 000 0 rus
020 |a 978-5-6047967-2-6 
040 |a RuSpLAN 
041 0 |a rus 
044 |a ru 
080 |a 316.7 
084 |a Ч-104.5  |2 rubbk 
245 0 0 |a Коммуникативное мышление как фактор преобразования культуры  |c Белозерова И. А.,Давитян М. Г.,Крикун Е. В. 
260 |a Белгород  |b БелГАУ им.В.Я.Горина  |c 2022 
300 |a 150 с. 
504 |a Библиогр.: доступна в карточке книги, на сайте ЭБС Лань 
520 8 |a Монография представляет собой коллективный труд преподавателей кафедры профессионального обучения и социально-педагогических дисциплин Белгородского государственного аграрного университета имени В.Я. Горина, содержащий собственные исследования влияния феномена коммуникативного мышления на преобразование современного культурного процесса в России Монография будет интересна студентам, магистрантам, аспирантам, преподавателям – всем, кого интересуют проблемы социальной философии, русской культуры и коммуникативности мышления. 
521 8 |a Книга из коллекции БелГАУ им.В.Я.Горина - Социально-гуманитарные науки 
521 8 |a СЭБ 
100 1 |a Белозерова И. А. 
700 1 |a Давитян М. Г. 
700 1 |a Крикун Е. В. 
856 4 |u https://e.lanbook.com/book/332012 
856 4 8 |u https://e.lanbook.com/img/cover/book/332012.jpg 
953 |a https://e.lanbook.com/img/cover/book/332012.jpg